Ferrocarril internacional nordeste-Dominicana Haití / Voz de la integración y el desarrollo de la región Nordeste del Cibao Central (Registro nro. 3343)

Detalles MARC
000 -LEADER
fixed length control field 00559nam a22001811a 4500
001 - CONTROL NUMBER
control field 3343
003 - CONTROL NUMBER IDENTIFIER
control field OSt
005 - DATE AND TIME OF LATEST TRANSACTION
control field 20260204211846.0
008 - FIXED-LENGTH DATA ELEMENTS--GENERAL INFORMATION
fixed length control field 040826s2003||||dr ||||||b||||||||||spa||
050 ## - LIBRARY OF CONGRESS CALL NUMBER
Classification number RD 385.6 C765f
082 ## - DEWEY DECIMAL CLASSIFICATION NUMBER
Classification number RD 385.6 C765f
100 ## - ASIENTO PRINCIPAL -- NOMBRE PERSONAL
Personal name Consejo Regional de Desarrollo
245 ## - TÍTULO PROPIAMENTE DICHO: SUBTÍTULO
Title Ferrocarril internacional nordeste-Dominicana Haití / Voz de la integración y el desarrollo de la región Nordeste del Cibao Central
264 ## - PRODUCTION, PUBLICATION, DISTRIBUTION, MANUFACTURE, AND COPYRIGHT NOTICE
Place of production, publication, distribution, manufacture Santo Domingo : C. R. D.
300 ## - PHYSICAL DESCRIPTION
Extensión 68 p
650 ## - ASIENTO SECUNDARIO DE MATERIA -- TERMINO TEMÁTICO
Termino Temático Como Elemento de Entrada 1.Ferrocarril - TransporteÌ
942 ## - ADDED ENTRY ELEMENTS (KOHA)
Source of classification or shelving scheme Dewey Decimal Classification
Koha item type Libros
Existencias
Withdrawn status Lost status Source of classification or shelving scheme Damaged status Not for loan Current library Date acquired Full call number Barcode Date last seen Price effective from Koha item type
    Dewey Decimal Classification Descartado para donación   Biblioteca UTECO 09/09/2019 RD 385.6 C765F 007224 09/09/2019 09/09/2019 Libros
    Dewey Decimal Classification Descartado para donación   Biblioteca UTECO 09/09/2019 RD 385.6 C765F 007225 09/09/2019 09/09/2019 Libros
  Faltante/Extraviado Dewey Decimal Classification     Biblioteca UTECO 09/09/2019 RD 385.6 C765F 014662 09/09/2019 09/09/2019 Libros
© 2021 Derechos Reservados UTECO - Teléfono: +1 809-585-2291 - Correo electrónico: biblioteca@uteco.edu.do​  
Código postal 43000 ​​
Dirección: Avenida Universitaria No. 100, 
Cotuí, Provincia Sánchez Ramírez, República Dominicana - RNC: 404-00059-6